| 000 | 00770nam a2200265Ia 4500 | ||
|---|---|---|---|
| 008 | 160803s9999 xx 000 0 und d | ||
| 020 | _a0 439328896 | ||
| 100 | _aWilcox, Charlotte | ||
| 245 | _aMummies, bones & body parts / | ||
| 245 | _cCharlotte Wilcox. | ||
| 260 | _aNew York : | ||
| 260 | _bScholastic Inc. | ||
| 260 | _c2000 | ||
| 300 | _a64 pages : | ||
| 300 | _billustrations (chiefly color) ; | ||
| 300 | _c21 x 24 cm | ||
| 500 | _aOriginally published: Minneapolis : Carolrhoda Books, ©2000. | ||
| 650 | _aFuneral rites and ceremonies -- | ||
| 650 | _aHuman remains (Archaeology) -- | ||
| 650 | _aMummies -- | ||
| 650 | _xJuvenile literature. | ||
| 650 | _xJuvenile literature. | ||
| 650 | _xJuvenile literature. | ||
| 700 | _a900 | ||
| 999 |
_c299324 _d299324 |
||